000 00845nam a2200217 i 4500
001 85770
003 ES-MaACL
005 20250901064054.0
007 t|
008 041201s1975 sp ||||1| spa d
110 1 _aEspaña.
_bRey (1975-2014: Juan Carlos I)
_93961
245 1 0 _aMensaje al pueblo español de su Majestad el Rey Don Juan Carlos I, ante 1976 :
_btransmitido por Radio Televisión Española, desde el Palacio de la Zarzuela de Madrid, en la noche del 24 de diciembre de 1975.
260 _a[Madrid :
_bEdiciones del Movimiento,
_c1975]
300 _a7 p. ;
_c23 cm.
700 0 _aJuan Carlos
_bI,
_cRey de España
_967108
710 2 _aRadiotelevisión Española
_96284
710 2 _aEdiciones del Movimiento.
_9171800
852 _aES-MaACL
_j2100-F-15
852 _aES-MaACL
_j2100-F-17
999 _c85770
_d85770